000 00637nam a22001697a 4500
005 20240530110417.0
008 150308s2010 ua f 000 0 ara d
040 _aEG-CaGPL
082 0 4 _221
_a614.42\
_bم م
100 0 _aمحمد مدحت جابر عبدالجليل
245 1 0 _aمعجم مصطلحات الجغرافيا الطبية و الخدمات الصحية /
_cمحمد مدحت جابر عبدالجليل
260 _aالاسكندرية :
_bدار المعرفة الجامعية ،
_c2010
300 _a414 ص ؛
_c24 سم
650 0 4 _aالطب
_vمعاجم
650 0 4 _aالطب
_xمصطلحات
942 _2ddc
_cBK
999 _c60580
_d60580